000 00950nam a2200289 i 4500
001 105896
003 ES-MaACL
005 20230906184013.0
007 t|
008 060911s1973 sp ||||1| spa d
020 _a84-339-0349-7
080 _a1 Korsch, Karl
080 _a141.82
245 0 0 _aKarl Korsch o el nacimiento de una nueva época /
_c[[textos de Karl Korsch... (et al.) ; edición y traducción, Eduardo Subirats].
260 _aBarcelona :
_bAnagrama,
_c1973.
300 _a142 p. ;
_c18 cm.
490 1 _aCuadernos Anagrama ;
_v49.
_aSerie Documentos
500 _aBiblioteca Juan Andrade.
600 1 4 _aKorsch, Karl.
_968610
650 1 4 _aMarxismo.
_914803
700 1 _aKorsch, Karl.
_968610
700 1 _aSubirats, Eduardo.
_9108696
830 0 _aCuadernos Anagrama ;
_v49.
_aSerie Documentos
_9185119
852 _aES-MaACL
_jAND-916
_bR.110204
852 _aES-MaACL
_jC-53728
_bR.86368
999 _c105896
_d105896